Isaiah 40-66 / (Record no. 4999)

MARC details
000 -LEADER
fixed length control field 00669cam a2200169 a 4500
020 ## - INTERNATIONAL STANDARD BOOK NUMBER
ISBN 9780830814817 (cloth : alk. paper)
020 ## - INTERNATIONAL STANDARD BOOK NUMBER
ISBN 0830814817 (cloth : alk. paper)
050 00 - CALL NUMBER
Classification number BS1520
Item number .I83
245 00 - TITLE
Title Isaiah 40-66 /
Statement of responsibility, etc edited by Mark W. Elliott ; general editor, Thomas C. Oden.
260 ## - PUBLICATION INFORMATION
Place of publication Downers Grove, Ill. :
Name of publisher InterVarsity Press,
Year of publication c2007.
300 ## - DESCRIPTION
Number of Pages xxxi, 349 p. ;
Dimensions 27 cm.
440 #0 - SERIES
SERIES Ancient Christian commentary on Scripture.
505 0# - FORMATTED CONTENTS NOTE
Table of Content A guide to using this commentary -- Abbreviations -- Introduction to Isaiah 40-66 -- Acknowledgments -- Commentary on Isaiah 40-66.
700 1# - OTHER AUTHORS
Personal name Elliott, M. W.
700 1# - OTHER AUTHORS
Personal name Oden, Thomas C.
942 ## - ADDED ENTRY ELEMENTS (KOHA)
Koha item type Books
Holdings
Withdrawn status Lost status Collection code Home library Current library Shelving location Date acquired Full call number Accession Number Koha item type
    Reference Methodist University Library Main Methodist University Library Main General Stacks   BS1520 .I83 23423 Books
Copyright © 2026  MUG Library